Normal view
MARC view
Entry Topical Term
001 - CONTROL NUMBER
- control field: 50742
003 - CONTROL NUMBER IDENTIFIER
- control field: OSt
005 - DATE AND TIME OF LATEST TRANSACTION
- control field: 20250219151747.0
008 - FIXED-LENGTH DATA ELEMENTS
- fixed length control field: 250219|| aca||aabn | a|a d
040 ## - CATALOGING SOURCE
- Original cataloging agency: OSt
- Transcribing agency: OSt
150 ## - HEADING--TOPICAL TERM
- Topical term or geographic name entry element: Democratic innovations, Democracy, Government, Governance, Society.
670 ## - SOURCE DATA FOUND
- Source citation: Work cat.: (OSt): Falanga, Roberto 50741, Democratic innovations: Is the local scale (still) the ideal laboratory for democracy?
